000 004280000a22001690004500
003 MACL
005 20160109132006.0
008 160109b xxu||||| |||| 00| 0 eng d
040 _aMACL
_cMACL
041 _aEnglish
082 _a915.4/NIV
100 _aNivedita, The Sister
_930372
245 _aThe Veb of Indian Live
260 _bWilliam Heinemann
_c1906
_aLondon
650 _aHistory
_930373
942 _cBK
_k915.4/Niv
_2ddc
999 _c36624
_d36624